<?xml version="1.0" encoding="UTF-8"?>
<collection xmlns="http://www.loc.gov/MARC21/slim">
  <record>
    <leader>00000nam  2200000   4500</leader>
    <controlfield tag="001">INLIS000000000009193</controlfield>
    <controlfield tag="005">20200917115457</controlfield>
    <datafield tag="035" ind1="#" ind2="#">
      <subfield code="a">0010-0920000095</subfield>
    </datafield>
    <controlfield tag="007">ta</controlfield>
    <controlfield tag="008">200917################|##########|#|##</controlfield>
    <datafield tag="100" ind1="1" ind2="#">
      <subfield code="a">Lamakampali, Bahartani</subfield>
    </datafield>
    <datafield tag="245" ind1="1" ind2="#">
      <subfield code="a">Strategi pengembangan ekosistem inovasi keuangan digital peer to peer lending (p2p) crowdfunding sebagai alternatif pembiyayaan pengembangan ekonomi lokal di daerah tertinggal /</subfield>
      <subfield code="c">Bahartani Lamakampali</subfield>
    </datafield>
    <datafield tag="260" ind1="#" ind2="#">
      <subfield code="a">Jakarta :</subfield>
      <subfield code="b">Pusbangkom Pimnas LAN,</subfield>
      <subfield code="c">2020</subfield>
    </datafield>
    <datafield tag="650" ind1="#" ind2="#">
      <subfield code="a">Keuangan Digital</subfield>
    </datafield>
    <datafield tag="856" ind1="#" ind2="#">
      <subfield code="a">Perpustakaan Lembaga Administrasi Negara</subfield>
    </datafield>
  </record>
</collection>
